Cartes du Tour de France - Statistiques

Statistiques générales
  • Ce quiz a été pris 49 fois
  • Le résultat moyen est 12 sur 15
Statistiques - réponses
Par images Réponse % Correct
2025
95%
2022
90%
2024
90%
2023
87%
2017
85%
2021
85%
2014
82%
2019
82%
2012
79%
2013
79%
2015
79%
2016
77%
2018
77%
2020
77%
2011
67%
Aucun quiz correspondant
Distribution des résultats
% des personnes avec chaque résultat
Percentile par nombre de réponses
Votre historique - résultats
Vous n’avez pas pris ce quiz